000
00249nam a22000857a 4500
008
160119b xxu||||| |||| 00| 0 eng d
100
_a
STUDY ROOMS KEYS
245
_a
STUDY ROOMS KEYS
500
_3
The rooms have spare keys, network ports and power sockets
999
_c
15580
_d
15580